[Event "Blitz 2018"]
[Site "Saint-Petersburg"]
[Date "2018.12.29"]
[Round "10"]
[Board "95"]
[White "Baron Tal (ISR)"]
[Black "Pogosyan Stefan (RUS)"]
[Result "1-0"]
[BlackElo "2330"]
[WhiteElo "2421"]
[LiveChessVersion "1.4.8"]

1. Nf3 {[%clk 0:03:03]} Nf6 {[%clk 0:03:02]} 2. d4 {[%clk 0:03:05]} g6 3. Nbd2
Bg7 {[%clk 0:02:57]} 4. e4 {[%clk 0:03:08]} O-O {[%clk 0:02:55]} 5. e5
{[%clk 0:03:09]} Ne8 {[%clk 0:02:57]} 6. h4 {[%clk 0:03:10]} d6 {[%clk 0:02:57]}
7. h5 {[%clk 0:03:10]} Nc6 {[%clk 0:02:53]} 8. exd6 {[%clk 0:02:55]} cxd6
{[%clk 0:02:48]} 9. c3 {[%clk 0:02:52]} Bg4 {[%clk 0:02:47]} 10. hxg6
{[%clk 0:02:50]} hxg6 {[%clk 0:02:47]} 11. Be2 {[%clk 0:02:44]} e5
{[%clk 0:02:48]} 12. dxe5 {[%clk 0:02:23]} dxe5 {[%clk 0:02:48]} 13. Qa4
{[%clk 0:02:20]} Nf6 {[%clk 0:02:36]} 14. Ne4 {[%clk 0:01:34]} Nxe4
{[%clk 0:02:23]} 15. Qxe4 {[%clk 0:01:35]} Bf5 {[%clk 0:02:24]} 16. Qe3
{[%clk 0:01:17]} Qd7 {[%clk 0:01:00]} 17. Ng5 {[%clk 0:01:15]} Rad8
{[%clk 0:01:00]} 18. Qg3 {[%clk 0:00:52]} e4 {[%clk 0:00:21]} 19. Nh7
{[%clk 0:00:36]} Rfe8 {[%clk 0:00:18]} 20. Bg5 {[%clk 0:00:37]} Re6
{[%clk 0:00:08]} 21. Rd1 {[%clk 0:00:38]} Qe8 {[%clk 0:00:05]} 22. Bxd8
{[%clk 0:00:37]} Nxd8 {[%clk 0:00:06]} 23. Ng5 {[%clk 0:00:35]} Re7
{[%clk 0:00:05]} 24. Bc4 {[%clk 0:00:31]} Nc6 {[%clk 0:00:05]} 25. Qh4
{[%clk 0:00:26]} e3 {[%clk 0:00:05]} 26. f3 {[%clk 0:00:22]} Ne5 {[%clk 0:00:07]}
27. Be2 {[%clk 0:00:21]} Nc6 {[%clk 0:00:05]} 28. g4 {[%clk 0:00:22]} Bc2
{[%clk 0:00:06]} 29. Rd6 {[%clk 0:00:21]} Ba4 {[%clk 0:00:05]} 30. Qh7+
{[%clk 0:00:21]} Kf8 {[%clk 0:00:06]} 31. Qh4 {[%clk 0:00:22]} Kg8
{[%clk 0:00:07]} 32. Rxg6 {[%clk 0:00:18]} fxg6 33. Bc4+ {[%clk 0:00:19]} Kf8
{[%clk 0:00:07]} 34. Nh7# {[%clk 0:00:20]} 1-0

[Event "Blitz 2018"]
[Site "Saint-Petersburg"]
[Date "2018.12.29"]
[Round "10"]
[Board "96"]
[White "Zaitsev Alexander (RUS)"]
[Black "Ovchinnikov Vsevolod (RUS)"]
[Result "1-0"]
[BlackElo "2375"]
[WhiteElo "2402"]
[LiveChessVersion "1.4.8"]

1. e4 {[%clk 0:03:03]} e6 {[%clk 0:03:03]} 2. d4 {[%clk 0:03:05]} d5
{[%clk 0:03:05]} 3. Nc3 {[%clk 0:03:06]} Bb4 {[%clk 0:03:06]} 4. e5
{[%clk 0:03:07]} c5 {[%clk 0:03:07]} 5. Bd2 {[%clk 0:03:08]} Ne7 {[%clk 0:03:08]}
6. a3 {[%clk 0:03:10]} Bxc3 {[%clk 0:03:06]} 7. Bxc3 {[%clk 0:03:11]} b6
{[%clk 0:03:03]} 8. b4 {[%clk 0:03:08]} cxd4 {[%clk 0:02:57]} 9. Qxd4
{[%clk 0:03:07]} Nbc6 {[%clk 0:02:52]} 10. Qg4 {[%clk 0:03:07]} d4
{[%clk 0:02:46]} 11. Rd1 {[%clk 0:02:46]} Qc7 {[%clk 0:02:04]} 12. Bxd4
{[%clk 0:02:46]} O-O {[%clk 0:01:44]} 13. Nf3 {[%clk 0:02:43]} Nxd4
{[%clk 0:01:45]} 14. Qxd4 {[%clk 0:02:27]} Bb7 {[%clk 0:01:27]} 15. Be2
{[%clk 0:02:17]} Rfd8 {[%clk 0:01:18]} 16. Qb2 {[%clk 0:02:18]} Rxd1+
{[%clk 0:01:18]} 17. Bxd1 {[%clk 0:02:18]} Ng6 {[%clk 0:01:09]} 18. O-O
{[%clk 0:02:12]} Rc8 {[%clk 0:01:04]} 19. Re1 {[%clk 0:01:39]} h6
{[%clk 0:00:37]} 20. h3 {[%clk 0:01:31]} Bd5 {[%clk 0:00:26]} 21. Nd4
{[%clk 0:01:09]} a6 {[%clk 0:00:21]} 22. Re3 {[%clk 0:00:55]} b5 {[%clk 0:00:11]}
23. Be2 {[%clk 0:00:37]} Nxe5 {[%clk 0:00:05]} 24. Nxb5 {[%clk 0:00:24]} axb5
{[%clk 0:00:05]} 25. Qxe5 {[%clk 0:00:21]} Qxe5 {[%clk 0:00:04]} 26. Rxe5
{[%clk 0:00:22]} Rxc2 {[%clk 0:00:05]} 27. Bxb5 {[%clk 0:00:22]} Rc1+
{[%clk 0:00:05]} 28. Kh2 {[%clk 0:00:23]} Ra1 {[%clk 0:00:05]} 29. Re3
{[%clk 0:00:23]} Kf8 {[%clk 0:00:05]} 30. Be2 {[%clk 0:00:11]} Ke7
{[%clk 0:00:06]} 31. Bf3 {[%clk 0:00:11]} Bc4 {[%clk 0:00:05]} 32. Rc3
{[%clk 0:00:10]} Bb5 {[%clk 0:00:06]} 33. Rc5 {[%clk 0:00:10]} Be8
{[%clk 0:00:06]} 34. Ra5 {[%clk 0:00:11]} Kf6 {[%clk 0:00:06]} 35. Ra7
{[%clk 0:00:08]} g5 {[%clk 0:00:06]} 36. Ra8 {[%clk 0:00:06]} Bb5
{[%clk 0:00:06]} 37. Ra5 {[%clk 0:00:07]} Bd3 {[%clk 0:00:06]} 38. b5
{[%clk 0:00:07]} Kg6 {[%clk 0:00:04]} 39. b6 {[%clk 0:00:08]} Rb1
{[%clk 0:00:05]} 40. b7 {[%clk 0:00:10]} f5 {[%clk 0:00:04]} 41. Ra8
{[%clk 0:00:10]} 1-0

[Event "Blitz 2018"]
[Site "Saint-Petersburg"]
[Date "2018.12.29"]
[Round "10"]
[Board "97"]
[White "Khayat Abdullah F (KSA)"]
[Black "Gaifullin Artur (RUS)"]
[Result "0-1"]
[BlackElo "2231"]
[WhiteElo "1709"]
[LiveChessVersion "1.4.8"]

1. d4 {[%clk 0:03:03]} Nf6 {[%clk 0:03:04]} 2. c4 {[%clk 0:03:02]} e6
{[%clk 0:03:05]} 3. Nc3 {[%clk 0:03:02]} d5 {[%clk 0:03:05]} 4. cxd5
{[%clk 0:02:58]} exd5 {[%clk 0:03:04]} 5. g3 {[%clk 0:02:55]} c6 {[%clk 0:03:01]}
6. Bg2 {[%clk 0:02:55]} Bf5 {[%clk 0:02:57]} 7. Nf3 {[%clk 0:02:54]} Bd6
{[%clk 0:02:57]} 8. Nh4 {[%clk 0:02:53]} Bg6 {[%clk 0:02:56]} 9. Bg5
{[%clk 0:02:50]} Nbd7 {[%clk 0:02:55]} 10. O-O {[%clk 0:02:50]} Qb6
{[%clk 0:02:46]} 11. Nxg6 {[%clk 0:02:43]} hxg6 {[%clk 0:02:47]} 12. Rb1
{[%clk 0:02:37]} O-O {[%clk 0:02:32]} 13. e4 {[%clk 0:02:25]} dxe4
{[%clk 0:02:24]} 14. Nxe4 {[%clk 0:02:14]} Nxe4 {[%clk 0:02:25]} 15. Bxe4
{[%clk 0:02:11]} Qa5 {[%clk 0:02:22]} 16. Be3 {[%clk 0:02:01]} Nf6
{[%clk 0:02:20]} 17. Bg2 {[%clk 0:01:58]} Qxa2 {[%clk 0:02:19]} 18. Qc2
{[%clk 0:01:38]} Qe6 {[%clk 0:02:19]} 19. Rfe1 {[%clk 0:01:32]} Qd7
{[%clk 0:02:15]} 20. Bg5 {[%clk 0:01:24]} Nd5 {[%clk 0:02:13]} 21. Qb3
{[%clk 0:01:19]} Qf5 {[%clk 0:02:07]} 22. h4 {[%clk 0:00:50]} Nb4
{[%clk 0:01:57]} 23. Be4 {[%clk 0:00:41]} Qb5 {[%clk 0:01:52]} 24. Bxg6
{[%clk 0:00:33]} Qd5 {[%clk 0:01:18]} 25. Qd1 {[%clk 0:00:08]} fxg6
{[%clk 0:01:16]} 26. Rc1 {[%clk 0:00:07]} Qf3 {[%clk 0:01:13]} 27. Qa4
{[%clk 0:00:05]} Qxf2+ {[%clk 0:01:11]} 28. Kh1 {[%clk 0:00:05]} Qf3+
{[%clk 0:01:11]} 29. Kg1 {[%clk 0:00:05]} Qxg3+ {[%clk 0:01:12]} 0-1

[Event "Blitz 2018"]
[Site "Saint-Petersburg"]
[Date "2018.12.29"]
[Round "10"]
[Board "98"]
[White "Masrahi Abdulrahman A (KSA)"]
[Black "Mamatov Melis (KGZ)"]
[Result "0-1"]
[BlackElo "2213"]
[WhiteElo "1966"]
[LiveChessVersion "1.4.8"]

1. d4 {[%clk 0:03:03]} d5 {[%clk 0:03:04]} 2. Bf4 {[%clk 0:03:03]} Nf6
{[%clk 0:03:05]} 3. e3 {[%clk 0:03:04]} Bf5 {[%clk 0:03:06]} 4. c4
{[%clk 0:03:05]} c6 {[%clk 0:03:05]} 5. Nc3 {[%clk 0:03:06]} e6 {[%clk 0:03:05]}
6. Qb3 {[%clk 0:03:05]} b6 {[%clk 0:03:00]} 7. Nf3 {[%clk 0:03:04]} Be7
{[%clk 0:02:57]} 8. h3 {[%clk 0:03:02]} O-O {[%clk 0:02:56]} 9. Be2
{[%clk 0:03:02]} Nbd7 {[%clk 0:02:52]} 10. O-O {[%clk 0:03:02]} Qc8
{[%clk 0:02:39]} 11. Rac1 {[%clk 0:02:58]} Qb7 {[%clk 0:02:39]} 12. Qa4
{[%clk 0:02:50]} a6 {[%clk 0:02:36]} 13. cxd5 {[%clk 0:02:34]} exd5
{[%clk 0:02:19]} 14. b4 {[%clk 0:02:23]} a5 {[%clk 0:02:13]} 15. bxa5
{[%clk 0:02:10]} Rxa5 {[%clk 0:02:13]} 16. Qb3 {[%clk 0:02:10]} Ra3
{[%clk 0:02:07]} 17. Qb2 {[%clk 0:01:59]} Rfa8 {[%clk 0:02:06]} 18. Nh4
{[%clk 0:01:20]} Be6 {[%clk 0:01:59]} 19. Nf3 {[%clk 0:01:01]} R3a7
{[%clk 0:01:46]} 20. a4 {[%clk 0:00:45]} Ne4 {[%clk 0:01:42]} 21. Nxe4
{[%clk 0:00:40]} dxe4 {[%clk 0:01:43]} 22. Nd2 {[%clk 0:00:39]} Rxa4
{[%clk 0:01:30]} 23. Ra1 {[%clk 0:00:40]} Ba3 {[%clk 0:01:23]} 24. Qc2
{[%clk 0:00:34]} b5 {[%clk 0:00:47]} 25. Nxe4 {[%clk 0:00:15]} Be7
{[%clk 0:00:43]} 26. Rxa4 {[%clk 0:00:15]} bxa4 {[%clk 0:00:40]} 27. Nd6
{[%clk 0:00:07]} Qb6 {[%clk 0:00:25]} 28. Nc4 {[%clk 0:00:06]} Qb3
{[%clk 0:00:26]} 29. Qxb3 {[%clk 0:00:05]} axb3 {[%clk 0:00:28]} 30. Rb1
{[%clk 0:00:06]} Ra4 {[%clk 0:00:22]} 31. Ne5 {[%clk 0:00:04]} Nxe5
{[%clk 0:00:22]} 32. Bxe5 {[%clk 0:00:04]} f6 {[%clk 0:00:18]} 33. Bf4
{[%clk 0:00:05]} c5 {[%clk 0:00:18]} 34. dxc5 {[%clk 0:00:03]} Bxc5
{[%clk 0:00:17]} 35. Bd1 {[%clk 0:00:04]} Rb4 {[%clk 0:00:17]} 36. Rb2
{[%clk 0:00:04]} g5 {[%clk 0:00:15]} 37. f3 {[%clk 0:00:04]} gxf4
{[%clk 0:00:16]} 0-1

[Event "Blitz 2018"]
[Site "Saint-Petersburg"]
[Date "2018.12.29"]
[Round "10"]
[Board "99"]
[White "Alsulaymi Abdullah M (KSA)"]
[Black "Perdomo Carlos Andres (COL)"]
[Result "0-1"]
[BlackElo "2301"]
[WhiteElo "1833"]
[LiveChessVersion "1.4.8"]

1. e4 {[%clk 0:03:03]} c5 {[%clk 0:01:25]} 2. b4 {[%clk 0:03:04]} b6
{[%clk 0:01:25]} 3. bxc5 {[%clk 0:03:04]} bxc5 {[%clk 0:01:26]} 4. Nf3
{[%clk 0:03:04]} e6 {[%clk 0:01:25]} 5. Nc3 {[%clk 0:03:03]} Nc6 {[%clk 0:01:25]}
6. Rb1 {[%clk 0:03:00]} d6 {[%clk 0:01:20]} 7. Be2 {[%clk 0:02:58]} Nf6
{[%clk 0:01:20]} 8. O-O {[%clk 0:02:55]} Be7 {[%clk 0:01:21]} 9. d4
{[%clk 0:02:35]} cxd4 {[%clk 0:01:19]} 10. Nxd4 {[%clk 0:02:36]} Nxd4
{[%clk 0:01:13]} 11. Qxd4 {[%clk 0:02:35]} O-O {[%clk 0:01:13]} 12. Be3
{[%clk 0:02:04]} Bd7 {[%clk 0:01:10]} 13. Rb7 {[%clk 0:01:59]} Bc6
{[%clk 0:01:05]} 14. Rxa7 {[%clk 0:01:56]} Rxa7 {[%clk 0:01:05]} 15. Qxa7
{[%clk 0:01:56]} Nxe4 {[%clk 0:01:06]} 16. Nxe4 {[%clk 0:01:51]} Bxe4
{[%clk 0:01:07]} 17. a4 {[%clk 0:01:45]} Bg5 {[%clk 0:01:01]} 18. Bb6
{[%clk 0:01:46]} Qa8 {[%clk 0:01:01]} 19. Qxa8 {[%clk 0:01:40]} Rxa8
{[%clk 0:01:02]} 20. a5 {[%clk 0:01:41]} Bb7 {[%clk 0:00:54]} 21. Rb1
{[%clk 0:01:25]} Bd2 {[%clk 0:00:51]} 22. Bc7 {[%clk 0:01:24]} Be4
{[%clk 0:00:42]} 23. a6 {[%clk 0:01:12]} f5 {[%clk 0:00:40]} 24. Bxd6
{[%clk 0:01:02]} Bc3 {[%clk 0:00:41]} 25. Rb8+ {[%clk 0:00:52]} Kf7
{[%clk 0:00:40]} 26. Rxa8 {[%clk 0:00:40]} Bxa8 {[%clk 0:00:41]} 27. a7
{[%clk 0:00:39]} Bd4 {[%clk 0:00:42]} 28. Bb8 {[%clk 0:00:40]} e5
{[%clk 0:00:42]} 29. c4 {[%clk 0:00:38]} e4 {[%clk 0:00:43]} 30. Kf1
{[%clk 0:00:37]} Ke7 {[%clk 0:00:45]} 31. f3 {[%clk 0:00:35]} Kd7
{[%clk 0:00:43]} 32. fxe4 {[%clk 0:00:35]} fxe4 {[%clk 0:00:43]} 33. h4
{[%clk 0:00:31]} g6 {[%clk 0:00:44]} 34. g4 {[%clk 0:00:31]} Kc8 {[%clk 0:00:43]}
35. h5 {[%clk 0:00:31]} Kb7 {[%clk 0:00:44]} 36. hxg6 {[%clk 0:00:27]} hxg6
{[%clk 0:00:46]} 37. Kg2 {[%clk 0:00:19]} Bxa7 {[%clk 0:00:45]} 38. Bf4
{[%clk 0:00:17]} Bd4 {[%clk 0:00:45]} 39. Kg3 {[%clk 0:00:17]} Kc6
{[%clk 0:00:44]} 40. Kh4 {[%clk 0:00:18]} Bf6+ {[%clk 0:00:46]} 41. g5
{[%clk 0:00:19]} Bd4 {[%clk 0:00:46]} 42. Kg4 {[%clk 0:00:18]} Bb7
{[%clk 0:00:47]} 43. Bd1 {[%clk 0:00:16]} Bc8+ {[%clk 0:00:47]} 44. Kg3
{[%clk 0:00:16]} Be6 {[%clk 0:00:48]} 45. Ba4+ {[%clk 0:00:16]} Kc5
{[%clk 0:00:49]} 46. Be8 {[%clk 0:00:16]} Bf5 {[%clk 0:00:50]} 47. Bf7
{[%clk 0:00:14]} Bc3 {[%clk 0:00:50]} 48. Bd5 {[%clk 0:00:13]} Be1+
{[%clk 0:00:50]} 49. Kg2 {[%clk 0:00:14]} Kd4 {[%clk 0:00:51]} 50. Kf1
{[%clk 0:00:15]} Bc3 {[%clk 0:00:50]} 51. Ke2 {[%clk 0:00:16]} Bb4
{[%clk 0:00:50]} 52. Be3+ {[%clk 0:00:17]} Ke5 53. Kf2 {[%clk 0:00:16]} Bd6
{[%clk 0:00:51]} 54. Kg3 {[%clk 0:00:17]} Bb4 {[%clk 0:00:52]} 55. Bf4+
{[%clk 0:00:18]} Kd4 {[%clk 0:00:53]} 56. Bc7 {[%clk 0:00:18]} Bd7
{[%clk 0:00:54]} 57. Kf4 {[%clk 0:00:17]} Bd2+ {[%clk 0:00:55]} 58. Kg3
{[%clk 0:00:18]} e3 {[%clk 0:00:57]} 59. Bf3 {[%clk 0:00:17]} Kxc4
{[%clk 0:00:58]} 60. Kg2 {[%clk 0:00:17]} Kd3 {[%clk 0:00:58]} 61. Kf1
{[%clk 0:00:17]} Bh3+ {[%clk 0:00:59]} 62. Kg1 {[%clk 0:00:17]} e2
{[%clk 0:01:00]} 63. Bxe2+ {[%clk 0:00:18]} Kxe2 {[%clk 0:01:02]} 64. Kh2
{[%clk 0:00:18]} Bf5 {[%clk 0:01:02]} 65. Bd8 {[%clk 0:00:18]} Bf4+
{[%clk 0:01:03]} 66. Kg2 {[%clk 0:00:18]} Ke3 {[%clk 0:01:03]} 67. Bf6
{[%clk 0:00:19]} Ke2 {[%clk 0:01:03]} 68. Be7 {[%clk 0:00:17]} Be4+
{[%clk 0:01:04]} 69. Kh3 {[%clk 0:00:18]} Kf3 {[%clk 0:01:05]} 70. Kh4
{[%clk 0:00:16]} Bg3+ {[%clk 0:01:06]} 71. Kh3 {[%clk 0:00:17]} Bf5#
{[%clk 0:01:08]} 0-1

[Event "Blitz 2018"]
[Site "Saint-Petersburg"]
[Date "2018.12.29"]
[Round "10"]
[Board "100"]
[White "Al Turky Fahad A (KSA)"]
[Black "Al Thebaiti Ahmed M (KSA)"]
[Result "1-0"]
[BlackElo "1976"]
[WhiteElo "1851"]
[LiveChessVersion "1.4.8"]

1. e4 {[%clk 0:03:03]} d5 {[%clk 0:03:03]} 2. exd5 {[%clk 0:03:03]} Nf6
{[%clk 0:03:04]} 3. d4 Nxd5 {[%clk 0:03:03]} 4. Nf3 {[%clk 0:03:05]} Bg4
{[%clk 0:03:03]} 5. Be2 {[%clk 0:03:06]} e6 {[%clk 0:03:04]} 6. O-O
{[%clk 0:03:04]} g6 {[%clk 0:03:04]} 7. Bg5 {[%clk 0:02:45]} Qc8 {[%clk 0:02:49]}
8. c4 {[%clk 0:02:41]} Nb6 {[%clk 0:02:50]} 9. Bf6 {[%clk 0:02:33]} Rg8
{[%clk 0:02:46]} 10. Ne5 {[%clk 0:02:25]} Bxe2 {[%clk 0:02:41]} 11. Qxe2
{[%clk 0:02:26]} Bg7 {[%clk 0:02:28]} 1-0

[Event "Blitz 2018"]
[Site "Saint-Petersburg"]
[Date "2018.12.29"]
[Round "11"]
[Board "2"]
[White "Andreikin Dmitry (RUS)"]
[Black "Artemiev Vladislav (RUS)"]
[Result "0-1"]
[BlackElo "2825"]
[WhiteElo "2777"]
[LiveChessVersion "1.4.8"]

1. Nf3 {[%clk 0:03:03]} Nf6 {[%clk 0:03:03]} 2. c4 {[%clk 0:03:04]} g6
{[%clk 0:03:04]} 3. b3 {[%clk 0:03:05]} Bg7 {[%clk 0:03:05]} 4. Bb2
{[%clk 0:03:07]} c5 {[%clk 0:03:03]} 5. g3 {[%clk 0:03:07]} b6 {[%clk 0:03:04]}
6. Bg2 {[%clk 0:03:08]} Bb7 {[%clk 0:03:05]} 7. O-O {[%clk 0:03:08]} O-O
{[%clk 0:03:05]} 8. d4 {[%clk 0:03:09]} cxd4 {[%clk 0:03:06]} 9. Qxd4
{[%clk 0:03:10]} d6 {[%clk 0:03:06]} 10. Nc3 {[%clk 0:03:09]} Ne4
{[%clk 0:03:06]} 11. Qe3 {[%clk 0:03:02]} Nxc3 {[%clk 0:03:00]} 12. Bxc3
{[%clk 0:03:02]} Bxc3 {[%clk 0:03:00]} 13. Qxc3 {[%clk 0:03:03]} Nd7
{[%clk 0:03:02]} 14. Rad1 {[%clk 0:02:52]} Rc8 {[%clk 0:03:02]} 15. Qd2
{[%clk 0:02:50]} Rc5 {[%clk 0:03:01]} 16. Nd4 {[%clk 0:02:40]} Bxg2
{[%clk 0:03:01]} 17. Kxg2 {[%clk 0:02:40]} Qa8+ {[%clk 0:02:58]} 18. Kg1
{[%clk 0:02:36]} Nf6 {[%clk 0:02:56]} 19. h4 {[%clk 0:02:20]} Rfc8
{[%clk 0:02:45]} 20. Nf3 {[%clk 0:02:09]} Qb7 {[%clk 0:02:04]} 21. Rc1
{[%clk 0:01:54]} a6 {[%clk 0:02:00]} 22. Qe3 {[%clk 0:01:50]} Qe4
{[%clk 0:01:57]} 23. Qd2 {[%clk 0:01:43]} b5 {[%clk 0:01:57]} 24. cxb5
{[%clk 0:01:38]} axb5 {[%clk 0:01:58]} 25. Rxc5 {[%clk 0:00:53]} Rxc5
{[%clk 0:01:59]} 26. Ra1 {[%clk 0:00:53]} Rc2 {[%clk 0:01:52]} 27. Qd3
{[%clk 0:00:49]} Rxe2 {[%clk 0:01:42]} 28. Qxe4 {[%clk 0:00:43]} Nxe4
{[%clk 0:01:25]} 29. Nd4 {[%clk 0:00:32]} Rb2 {[%clk 0:01:25]} 30. Nxb5
{[%clk 0:00:22]} d5 {[%clk 0:01:26]} 31. a4 {[%clk 0:00:17]} Rxb3
{[%clk 0:01:22]} 32. Nc7 {[%clk 0:00:11]} Nc3 {[%clk 0:00:30]} 33. a5
{[%clk 0:00:11]} Rb7 {[%clk 0:00:29]} 34. a6 {[%clk 0:00:08]} Ra7
{[%clk 0:00:31]} 35. Ra3 {[%clk 0:00:05]} d4 {[%clk 0:00:09]} 36. Rb3
{[%clk 0:00:03]} Rxc7 {[%clk 0:00:06]} 37. Rb7 {[%clk 0:00:04]} Rc6
{[%clk 0:00:04]} 38. a7 {[%clk 0:00:05]} Ra6 {[%clk 0:00:06]} 39. Rb8+
{[%clk 0:00:06]} Kg7 {[%clk 0:00:07]} 40. a8=Q {[%clk 0:00:07]} Rxa8
{[%clk 0:00:08]} 41. Rxa8 {[%clk 0:00:08]} e5 {[%clk 0:00:09]} 42. Rd8
{[%clk 0:00:08]} Kf6 {[%clk 0:00:10]} 43. Kg2 {[%clk 0:00:06]} Ke6
{[%clk 0:00:09]} 44. f4 {[%clk 0:00:06]} f6 {[%clk 0:00:09]} 45. fxe5
{[%clk 0:00:06]} fxe5 {[%clk 0:00:11]} 46. Kf2 {[%clk 0:00:05]} Kf5
{[%clk 0:00:11]} 47. Kf3 {[%clk 0:00:05]} e4+ {[%clk 0:00:12]} 48. Kf2
{[%clk 0:00:05]} Ke5 {[%clk 0:00:14]} 49. g4 {[%clk 0:00:05]} d3 {[%clk 0:00:11]}
50. Ke3 {[%clk 0:00:04]} Nd5+ {[%clk 0:00:12]} 51. Kd2 Kd4 52. Ra8
{[%clk 0:00:05]} e3+ {[%clk 0:00:15]} 53. Kd1 {[%clk 0:00:05]} Nc3+
{[%clk 0:00:17]} 0-1

[Event "Blitz 2018"]
[Site "Saint-Petersburg"]
[Date "2018.12.29"]
[Round "11"]
[Board "4"]
[White "Le Quang Liem (VIE)"]
[Black "Giri Anish (NED)"]
[Result "1/2-1/2"]
[BlackElo "2751"]
[WhiteElo "2749"]
[LiveChessVersion "1.4.8"]

1. c4 {[%clk 0:03:02]} e5 {[%clk 0:03:03]} 2. g3 {[%clk 0:03:02]} Nf6
{[%clk 0:03:04]} 3. Bg2 {[%clk 0:03:04]} d5 {[%clk 0:03:06]} 4. cxd5
{[%clk 0:03:05]} Nxd5 {[%clk 0:03:07]} 5. Nf3 {[%clk 0:03:02]} Nc6
{[%clk 0:03:09]} 6. O-O {[%clk 0:03:02]} Nb6 {[%clk 0:03:10]} 7. b3
{[%clk 0:02:52]} Be7 {[%clk 0:03:11]} 8. Bb2 f6 9. d3 {[%clk 0:02:52]} O-O
{[%clk 0:03:12]} 10. Nbd2 {[%clk 0:02:53]} Be6 {[%clk 0:03:14]} 11. Rc1 Qd7 12.
Ne4 {[%clk 0:02:48]} Rad8 {[%clk 0:03:09]} 13. Qc2 {[%clk 0:02:43]} Nd5
{[%clk 0:03:00]} 14. Rfd1 {[%clk 0:02:42]} a5 {[%clk 0:02:46]} 15. a3
{[%clk 0:02:35]} Kh8 {[%clk 0:02:46]} 16. d4 {[%clk 0:02:16]} f5 {[%clk 0:02:45]}
17. Nc5 {[%clk 0:02:16]} Bxc5 {[%clk 0:02:45]} 18. Qxc5 {[%clk 0:02:17]} e4
{[%clk 0:02:44]} 19. Ne5 {[%clk 0:02:17]} Nxe5 {[%clk 0:02:43]} 20. dxe5
{[%clk 0:02:18]} b6 {[%clk 0:02:39]} 21. Qc6 {[%clk 0:02:09]} Qf7
{[%clk 0:02:40]} 22. e3 {[%clk 0:02:07]} Rd7 {[%clk 0:02:34]} 23. Bf1
{[%clk 0:01:57]} Rfd8 {[%clk 0:02:21]} 24. Rd4 {[%clk 0:01:54]} Ne7
{[%clk 0:01:16]} 25. Rxd7 {[%clk 0:01:52]} Rxd7 {[%clk 0:01:17]} 26. Qa8+
{[%clk 0:01:53]} Qg8 {[%clk 0:01:19]} 27. Qxg8+ {[%clk 0:01:52]} Nxg8
{[%clk 0:00:32]} 28. b4 {[%clk 0:01:51]} axb4 {[%clk 0:00:32]} 29. axb4
{[%clk 0:01:52]} Ne7 {[%clk 0:00:19]} 30. Bd4 {[%clk 0:01:52]} h6
{[%clk 0:00:18]} 31. Bb5 {[%clk 0:01:41]} c6 {[%clk 0:00:19]} 32. Bxc6
{[%clk 0:01:41]} Rc7 {[%clk 0:00:19]} 33. b5 {[%clk 0:01:39]} Nxc6
{[%clk 0:00:20]} 34. Bxb6 {[%clk 0:01:32]} Rb7 {[%clk 0:00:14]} 35. bxc6
{[%clk 0:01:11]} Rxb6 {[%clk 0:00:15]} 36. c7 {[%clk 0:01:13]} Kh7
{[%clk 0:00:08]} 37. c8=Q {[%clk 0:01:12]} Bxc8 {[%clk 0:00:08]} 38. Rxc8
{[%clk 0:01:13]} Re6 {[%clk 0:00:07]} 39. Rc5 {[%clk 0:01:12]} Kg6
{[%clk 0:00:08]} 40. Kg2 {[%clk 0:01:09]} Kg5 {[%clk 0:00:09]} 41. h3
{[%clk 0:01:04]} Kh5 {[%clk 0:00:07]} 42. Kf1 {[%clk 0:01:00]} Kg5
{[%clk 0:00:05]} 43. Ke2 {[%clk 0:00:58]} h5 {[%clk 0:00:06]} 44. f4+
{[%clk 0:00:43]} exf3+ {[%clk 0:00:07]} 45. Kxf3 {[%clk 0:00:44]} Ra6
{[%clk 0:00:06]} 46. Rc7 {[%clk 0:00:40]} g6 {[%clk 0:00:06]} 47. Rd7
{[%clk 0:00:34]} h4 {[%clk 0:00:05]} 48. gxh4+ {[%clk 0:00:29]} Kxh4
{[%clk 0:00:07]} 49. Rd6 Ra5 50. Rxg6 {[%clk 0:00:31]} Rxe5 {[%clk 0:00:08]} 51.
Rg8 {[%clk 0:00:22]} Re7 {[%clk 0:00:10]} 52. Rf8 {[%clk 0:00:22]} Kg5
{[%clk 0:00:11]} 53. h4+ {[%clk 0:00:19]} Kg6 {[%clk 0:00:11]} 54. Rg8+
{[%clk 0:00:19]} Kf6 {[%clk 0:00:11]} 55. h5 {[%clk 0:00:20]} Re4
{[%clk 0:00:09]} 56. Rg6+ {[%clk 0:00:13]} Ke5 {[%clk 0:00:03]} 57. h6
{[%clk 0:00:11]} Rh4 {[%clk 0:00:04]} 58. Ra6 {[%clk 0:00:11]} Rh3+
{[%clk 0:00:05]} 59. Kg2 {[%clk 0:00:12]} Rh4 {[%clk 0:00:04]} 60. Kg3
{[%clk 0:00:09]} Rh1 {[%clk 0:00:05]} 61. Kf3 {[%clk 0:00:08]} Rh3+
{[%clk 0:00:06]} 62. Ke2 {[%clk 0:00:09]} Ke4 {[%clk 0:00:06]} 63. Ra4+
{[%clk 0:00:07]} Ke5 {[%clk 0:00:07]} 64. Kd3 {[%clk 0:00:05]} Rxh6
{[%clk 0:00:07]} 65. Ra5+ {[%clk 0:00:06]} Kf6 {[%clk 0:00:08]} 66. Ra6+
{[%clk 0:00:06]} Kg5 {[%clk 0:00:09]} 67. Rxh6 {[%clk 0:00:07]} Kxh6
{[%clk 0:00:11]} 1/2-1/2